000 00454nam a2200169Ia 4500
008 121010t1986 xxu||||| |||| 00| 0 sin d
041 _asin
080 _a8 S 31
_bWEE
100 _aWeerasingha,Abayarathna
245 _aසරාසඳ මඩල වන්.....
246 _aSara Sada Madala Wan....
260 _bWinitha Abedira
_aRagama
_c1986
300 _a203p., 18 cm
942 _cBK
999 _c70533
_d70533
003 LK-CoDNM
040 _aLK-CoDNM
_dLK-CoDNM
_eLK-CoDNM